000 00285nam a2200097Ia 4500
001 1172762
005 20250827012601.0
008 250824s9999 xx 000 0 und d
245 0 _aTAVŞAN DİŞLİ BİR GÖZLEMCİNİN NOTLARI
_cBEHİÇ AK
260 _bGÜNIŞIGI KİTAPLIĞI YAYINLARI
999 _c1172762
_d1172762